[Event "Augsburg Afro op"]
[Site "Augsburg"]
[Date "1998.??.??"]
[Round "5"]
[White "Eschermann, Jan"]
[Black "Dietrich, Holger"]
[Result "0-1"]
[WhiteElo "1630"]
[BlackElo "1745"]
[PlyCount "112"]
[EventDate "1998.??.??"]
[EventType "swiss"]
[EventRounds "7"]
[EventCountry "GER"]
[SourceTitle "EXT 2004"]
[Source "ChessBase"]
[SourceDate "2003.11.25"]
[SourceVersion "1"]
[SourceVersionDate "2003.11.25"]
[SourceQuality "1"]

1. e4 c5 2. Nf3 d6 3. c3 Nf6 4. d3 e6 5. Be2 a6 6. a4 Be7 7. Be3 0-0 8. h3 Bd7 9. 0-0 Nc6 10. Nbd2 b5 11. d4 cxd4 12. cxd4 b4 13. Nh2 d5 14. e5 Ne8 15. f4 g6 16. g4 Ng7 17. Bd3 Qb6 18. Nb3 Na5 19. Nxa5 Qxa5 20. Rf2 Rfc8 21. b3 Rc3 22. Rc1 Qb6 23. Rxc3 bxc3 24. Bc2 Rc8 25. Nf3 a5 26. Ne1 Ne8 27. Kh1 Nc7 28. f5 Na6 29. f6 Bf8 30. Qc1 Nb4 31. Bh6 Qd8 32. h4 Bxh6 33. Qxh6 Qf8 34. Qxf8+ Kxf8 35. Nd3 Nxd3 36. Bxd3 Bc6 37. Rc2 Bd7 38. Kg2 Rc7 39. Kf1 Ke8 40. Ke1 Rb7 41. Rxc3 Rb4 42. Bb5 Bxb5 43. axb5 Kd7 44. Rd3 Kc7 45. Rc3+ Kb7 46. Rd3 Kb6 47. Kd2 Kxb5 48. Kc3 a4 49. Kc2 Rxb3 50. Rxb3+ axb3+ 51. Kxb3 h6 52. Kc3 Ka4 53. Kd3 Kb3 54. Ke3 Kc3 55. Kf4 Kxd4 56. g5 h5 0-1

[Event "Augsburg Afro op"]
[Site "Augsburg"]
[Date "1998.??.??"]
[Round "7"]
[White "Friedrich, Wolfgang"]
[Black "Dietrich, Holger"]
[Result "0-1"]
[WhiteElo "2125"]
[BlackElo "1745"]
[PlyCount "82"]
[EventDate "1998.??.??"]
[EventType "swiss"]
[EventRounds "7"]
[EventCountry "GER"]
[SourceTitle "EXT 2004"]
[Source "ChessBase"]
[SourceDate "2003.11.25"]
[SourceVersion "1"]
[SourceVersionDate "2003.11.25"]
[SourceQuality "1"]

1. d4 Nf6 2. Bg5 g6 3. Bxf6 exf6 4. e3 d5 5. Bd3 Be6 6. c3 Nd7 7. Qf3 f5 8. Ne2 Nf6 9. h3 Bg7 10. Nf4 Qd7 11. Nd2 Ne4 12. 0-0-0 0-0-0 13. Rhg1 h5 14. Qe2 Bh6 15. g3 c6 16. Nb3 Bf8 17. f3 Nf6 18. h4 Bd6 19. Nh3 Qc7 20. Qg2 Rde8 21. Rde1 Nh7 22. Bc2 Re7 23. Nf2 Nf6 24. Nd2 Rhe8 25. b4 b6 26. Kb2 Kb7 27. a4 c5 28. dxc5 bxc5 29. b5 c4 30. e4 d4 31. Nb1 d3 32. Bd1 Kb8 33. g4 hxg4 34. fxg4 fxg4 35. Bxg4 Nxg4 36. Nxg4 Bxg4 37. Qxg4 Qa5 38. Nd2 Ba3+ 39. Ka2 Qxa4 40. Nxc4 Bb4+ 41. Kb1 Qc2+ 0-1